| 000 | 00594nam a2200193 a 4500 | ||
|---|---|---|---|
| 001 | BRCA_543 | ||
| 005 | 20190320203045.0 | ||
| 008 | 881017s1987 bu-a---##b---#000-0#eng-# | ||
| 040 |
_aDLC _cDLC _dDLC |
||
| 050 | 4 |
_aN8189.B8 _b.B69 1987 |
|
| 100 | 1 |
_aBozhkov, Atanas _91881 |
|
| 245 | 1 | 0 |
_aBulgarian Icons _cAtanas Bozhkov. |
| 260 |
_aSofia, Bulgaria _bBulgarski Houdozhnik _c1987 |
||
| 300 |
_a204 p. _bil. (a color) _c36 cm. |
||
| 504 | _aBibliografía: p. 198-200 | ||
| 650 | 1 | 4 |
_aIconos religiosos _ySiglo IX-XVIII _zBulgaria _91882 |
| 650 | 1 | 4 |
_aPintura religiosa _zBulgaria _91883 |
| 942 |
_2lcc _cB |
||
| 999 |
_c474 _d474 |
||